000 00261nam a2200109Ia 4500
008 190216s9999||||xx |||||||||||||| ||und||
100 _aKhanna. Ml
245 0 _aRailway Recruitment Test Guide
260 _bBright Careers
650 _aReferences
942 _cREF
999 _c35867
_d35867